Psychiatric aspects of neurologic disease. (Record no. 431)

000 -LEADER
fixed length control field 01530nam a22004457a 4500
001 - CONTROL NUMBER
control field 406001
003 - CONTROL NUMBER IDENTIFIER
control field LIBRIS
005 - DATE AND TIME OF LATEST TRANSACTION
control field 20210420052748.0
008 - FIXED-LENGTH DATA ELEMENTS--GENERAL INFORMATION
fixed length control field 011211s1982 xxk 001 0 eng c
020 ## - INTERNATIONAL STANDARD BOOK NUMBER
International Standard Book Number 0808914774
040 ## - CATALOGING SOURCE
Original cataloging agency eng
Language of cataloging eng
Transcribing agency DLC
080 ## - UNIVERSAL DECIMAL CLASSIFICATION NUMBER
Universal Decimal Classification number 616.89
Item number B-43
082 ## - DEWEY DECIMAL CLASSIFICATION NUMBER
Classification number 616.8
Edition number 19
082 ## - DEWEY DECIMAL CLASSIFICATION NUMBER
Classification number 616.8
Edition number 19
084 ## - OTHER CLASSIFICATION NUMBER
Classification number Vef
Number source kssb/6
084 ## - OTHER CLASSIFICATION NUMBER
Classification number Vlf
Number source kssb/6
084 ## - OTHER CLASSIFICATION NUMBER
Classification number Vef
Number source kssb/6
084 ## - OTHER CLASSIFICATION NUMBER
Classification number Vlf
Number source kssb/6
100 ## - MAIN ENTRY--PERSONAL NAME
9 (RLIN) 338
Personal name Benson, D. Frank
245 00 - TITLE STATEMENT
Title Psychiatric aspects of neurologic disease.
Number of part/section of a work Vol. 2
260 ## - PUBLICATION, DISTRIBUTION, ETC.
Place of publication, distribution, etc. New York :
Name of publisher, distributor, etc. Grune & Stratton,
Date of publication, distribution, etc. Cop. 1982
300 ## - PHYSICAL DESCRIPTION
Extent xviii, 325 s. :
Other physical details ill. ;
Dimensions 24cm
650 #7 - SUBJECT ADDED ENTRY--TOPICAL TERM
Topical term or geographic name entry element Neuropsychiatry
Source of heading or term BNB
650 #0 - SUBJECT ADDED ENTRY--TOPICAL TERM
Topical term or geographic name entry element Psychiatry
9 (RLIN) 131
650 #2 - SUBJECT ADDED ENTRY--TOPICAL TERM
Topical term or geographic name entry element Mental disorders
650 #7 - SUBJECT ADDED ENTRY--TOPICAL TERM
Topical term or geographic name entry element man
Source of heading or term BNB
650 #2 - SUBJECT ADDED ENTRY--TOPICAL TERM
Topical term or geographic name entry element Mental disorders
650 #2 - SUBJECT ADDED ENTRY--TOPICAL TERM
Topical term or geographic name entry element Nervous system diseases
653 ## - INDEX TERM--UNCONTROLLED
Uncontrolled term ფსიქიატრია
653 ## - INDEX TERM--UNCONTROLLED
Uncontrolled term ნეიროფსიქიატრია
653 ## - INDEX TERM--UNCONTROLLED
Uncontrolled term მენტალური დარღვევები
653 ## - INDEX TERM--UNCONTROLLED
Uncontrolled term ნერვული სისტემის დაავადებები
700 1# - ADDED ENTRY--PERSONAL NAME
Personal name Benson, D. Frank
Relationship edt
700 1# - ADDED ENTRY--PERSONAL NAME
Personal name Blumer, Dietrich
Relationship edt
772 00 - SUPPLEMENT PARENT ENTRY
Control subfield nn
Title Psychiatric aspects of neurologic disease
Qualifying information ed. by D. Frank Benson, Dietrich Blumer
Place, publisher, and date of publication New York : Grune & Stratton, 1975-1982
Series data for related item Seminars in psychiatry
Record control number 9904206694
942 ## - ADDED ENTRY ELEMENTS (KOHA)
Source of classification or shelving scheme
Koha item type Books
Holdings
Withdrawn status Lost status Source of classification or shelving scheme Damaged status Not for loan Permanent location Current location Date acquired Inventory number Total Checkouts Full call number Barcode Date last seen Price effective from Koha item type
          Ken Walker International University Ken Walker International University 11/25/2020 184   616.89 B-43 184 11/25/2020 11/25/2020 Books

Powered by Koha